000 00365nam a2200133Ia 4500
005 20260326235458.0
008 260326s9999||||xx |||||||||||||| ||und||
100 _aBurney, Charles
245 0 _aFrom village to empire :
_b An Introduction to Near Eastern archaeology /
_cCharles Burney
260 _bPhaidon
300 _a224 p.
650 _aANTIGUEDAD
942 _cBK
999 _c8007
_d8007